000 00514nam a22001817a 4500
005 20251108165908.0
008 250721s1993 xx 000 0 ara d
082 1 4 _aط/796.342/ريت
100 1 _aريتش، سو
245 1 0 _aالتنس /
264 1 _aالقاهره :
_bدار المعارف،
_c1993.
300 _a43ص
490 0 _aالالعاب الرياضيه
650 1 7 _aالألعاب الرياضيه
653 _aناشئون صغار (10-14) سنة
942 _2ddc
_cBK
999 _c34141
_d34141